书目信息 |
| 题名: |
云数据管理实战指南
|
|
| 作者: | 魏磊 编著 | |
| 分册: | ||
| 出版信息: | 北京 机械工业出版社 2021.03 |
|
| 页数: | XX, 286页 | |
| 开本: | 24cm | |
| 丛书名: | 云计算与虚拟化技术丛书 | |
| 单 册: | ||
| 中图分类: | TP274-62 | |
| 科图分类: | ||
| 主题词: | 数据管理--shu ju guan li--指南 | |
| 电子资源: | ||
| ISBN: | 978-7-111-67539-6 | |
| 000 | 01215nam 2200301 450 | |
| 001 | 0100028944 | |
| 005 | 20211025120159.0 | |
| 010 | @a978-7-111-67539-6@dCNY89.00 | |
| 100 | @a20210401d2021 em y0chiy50 ea | |
| 101 | 0 | @achi |
| 102 | @aCN@b110000 | |
| 105 | @aa a 000yy | |
| 106 | @ar | |
| 200 | 1 | @a云数据管理实战指南@Ayun shu ju guan li shi zhan zhi nan@d= Cloud data management in action@f魏磊 ... [等] 编著@zeng |
| 210 | @a北京@c机械工业出版社@d2021.03 | |
| 215 | @aXX, 286页@c图@d24cm | |
| 225 | 2 | @a云计算与虚拟化技术丛书@Ayun ji suan yu xu ni hua ji shu cong shu |
| 304 | @a题名页题其余责任者: 张聪, 邬小亮, 张远, 刘春义 | |
| 314 | @a魏磊, Veeam Software资深系统工程师。 | |
| 320 | @a有书目 | |
| 330 | @a本书从数据保护解决方案出发, 结合云时代数据管理的特点, 以企业云数据管理为主要对象, 描述了其中的若干关键性技术, 对如何提高管理效率、如何实现可管可控、如何提高风险防范能力、如何发挥数据的价值等做了全面解答。 | |
| 410 | 0 | @12001 @a云计算与虚拟化技术丛书 |
| 510 | 1 | @aCloud data management in action@zeng |
| 606 | 0 | @a数据管理@Ashu ju guan li@j指南 |
| 690 | @aTP274-62@v5 | |
| 701 | 0 | @a魏磊@Awei lei@4编著 |
| 801 | 0 | @aCN@c20210909 |
| 905 | @a河南城建学院图书馆@dTP274-62@eW592 | |
| 云数据管理实战指南= Cloud data management in action/魏磊 ... [等] 编著.-北京:机械工业出版社,2021.03 |
| XX, 286页:图;24cm.-(云计算与虚拟化技术丛书) |
| ISBN 978-7-111-67539-6:CNY89.00 |
| 本书从数据保护解决方案出发, 结合云时代数据管理的特点, 以企业云数据管理为主要对象, 描述了其中的若干关键性技术, 对如何提高管理效率、如何实现可管可控、如何提高风险防范能力、如何发挥数据的价值等做了全面解答。 |
| ● |
| 相关链接 |
|
|
|
正题名:云数据管理实战指南
索取号:TP274-62/W592
 
预约/预借
| 序号 | 登录号 | 条形码 | 馆藏地/架位号 | 状态 | 备注 |
| 1 | 1546315 | 215463157 | 自科库301/301自科库 43排2列5层/ [索取号:TP274-62/W592] | 在馆 | |
| 2 | 1546316 | 215463166 | 自科库301/301自科库 43排2列5层/ [索取号:TP274-62/W592] | 在馆 |